000 01074nam2a22002411 4500
001 rc\3537853
005 20130115144231.7
035 _a(NLR Aleph) 007632176
090 _a6035087
_c6035087
100 _a20130115d1972 |||y0rusy50 ca
101 0 _arus
102 _aRU
105 _aa z |||||
200 1 _aСекция математики
_fПод ред. проф. В.Г. Болтянского
210 _d1972
215 _a[2], 32 с.
_cсхем.
461 0 _1001rc\3537846
_12001#$aМатериалы Всесоюзной конференции по кабинетной системе в общеобразовательной школе. 31 окт. - 2 ноября 1972 г.$e[1]-$fМ-во прос. СССР. Акад. пед. наук СССР. НИИ школьного оборудования и техн. средств обучения$v[7]
702 1 _aБолтянский
_bВ. Г.
_gВладимир Григорьевич
_4340
801 0 _aRU
_bNLR
_gpsbo
801 1 _aRU
_bELAR
_2rusmarc
852 _aNLR
_j72-4/35431
942 _cBOOK
980 _aNB